[Event "Let's Play Chess!"]
[Site "http://www.queenalice.com/game.php?id=551470"]
[Date "2009.3.6"]
[Round "-"]
[White "basti822"]
[Black "gigino42"]
[Result "0-1"]
[WhiteElo "1779"]
[BlackElo "1540"]

1. e4 e6 2. d4 d5 3. e5 c5 4. Nc3 cxd4 5. Qxd4 Nc6 6. Bb5 Qc7 7. Nf3 Bd7 8. Bxc6
bxc6 9. O-O c5 10. Qf4 f6 11. a4 Be7 12. exf6 Qxf4 13. Bxf4 Nxf6 14. Be5 O-O 15.
Nb5 Ng4 16. Nc7 Rac8 17. a5 Nxe5 18. Nxe6 Nxf3+ 19. gxf3 Bxe6 20. Rfe1 Rf6 21.
Re3 d4 22. Rd3 Bf5 23. Rd2 Bg6 24. c3 dxc3 25. bxc3 Rxf3 26. c4 Rc3 27. Rd7 Bf6
28. Rxa7 Rxc4 29. f3 Bxa1 30. a6 Ra4 0-1

[Event "AUTO-INT-1230"]
[Site "http://www.queenalice.com/game.php?id=551790"]
[Date "2009.3.7"]
[Round "1"]
[White "Ben_Gurion"]
[Black "gigino42"]
[Result "1-0"]
[WhiteElo "1614"]
[BlackElo "1622"]

1. c4 Nf6 2. Nf3 e6 3. g3 Bc5 4. Bg2 c6 5. O-O O-O 6. d4 Be7 7. Nc3 d5 8. c5 b6
9. b4 Bb7 10. Qc2 Nbd7 11. Ng5 g6 12. e4 Kg7 13. e5 a5 14. exf6+ Bxf6 15. Nf3
axb4 16. Na4 b5 17. Nb2 Ra7 18. Nd3 e5 19. dxe5 Be7 20. Bb2 f6 21. exf6+ Bxf6
22. Bxf6+ Qxf6 23. Nxb4 Ne5 24. Nxe5 Qxe5 25. Rae1 Qd4 26. Re7+ Kg8 27. Nxc6 Qf6
28. Bxd5+ Kh8 29. Rfe1 Bxc6 30. R1e6 Rxe7 31. Rxf6 Re1+ 32. Kg2 Bxd5+ 33. Kh3
Rxf6 34. Qd2 Be6+ 35. g4 Rg1 36. Qd8+ Bg8 37. Qxf6# 1-0

[Event "AUTO-INT-1230"]
[Site "http://www.queenalice.com/game.php?id=551791"]
[Date "2009.3.7"]
[Round "1"]
[White "gigino42"]
[Black "Ben_Gurion"]
[Result "0-1"]
[WhiteElo "1617"]
[BlackElo "1630"]

1. e4 c5 2. Nf3 d6 3. d4 cxd4 4. Nxd4 Nf6 5. Nc3 a6 6. Be2 g6 7. O-O Bg7 8. Nb3
O-O 9. Bd2 Nc6 10. Kh1 b5 11. f3 Bb7 12. Qc1 Re8 13. Bh6 Bh8 14. Qe3 Qd7 15.
Rad1 Qc7 16. Bf4 Nb4 17. Rd2 Rad8 18. a3 Nc6 19. Na2 Na5 20. Nd4 e5 21. Nxb5
axb5 22. Bg3 Nc4 23. Bxc4 Qxc4 24. Rdf2 Qxa2 25. c3 Qc4 26. Bh4 d5 27. Re2 dxe4
28. f4 Rd3 29. Qb6 Rd6 30. Qf2 Nh5 31. fxe5 Rd7 32. Rfe1 Bxe5 33. Bg5 f6 34. Be3
Qc7 35. Kg1 Bxh2+ 36. Kf1 Ng3+ 37. Qxg3 Bxg3 0-1

[Event "AUTO-INT-1230"]
[Site "http://www.queenalice.com/game.php?id=551802"]
[Date "2009.3.7"]
[Round "1"]
[White "HENRIQUE_L_AUAD"]
[Black "gigino42"]
[Result "0-1"]
[WhiteElo "1445"]
[BlackElo "1613"]

1. e4 Nf6 2. d3 e6 3. Bg5 Be7 4. Nc3 d6 5. Bxf6 Bxf6 6. Nf3 O-O 7. h4 c6 8. g4
Qa5 9. Qd2 b5 10. d4 Nd7 11. g5 Be7 12. O-O-O b4 13. Ne2 Qb6 14. b3 a5 15. Qd3
Bb7 16. h5 a4 17. Kb1 axb3 18. Qxb3 Ra3 19. Qc4 Rxf3 20. h6 Rxf2 21. hxg7 Ra8
22. g6 hxg6 23. Rh8+ Kxg7 24. Rxa8 Bxa8 25. Nc1 d5 26. exd5 exd5 27. Qd3 Nf6 28.
Rd2 Ne4 29. Rxf2 Nxf2 30. Qd2 Ne4 31. Qh2 Qxd4 32. Bd3 Nc3+ 33. Kb2 Nd1+ 34. Kb3
Qb2+ 35. Ka4 Qa3# 0-1

[Event "AUTO-INT-1230"]
[Site "http://www.queenalice.com/game.php?id=551803"]
[Date "2009.3.7"]
[Round "1"]
[White "gigino42"]
[Black "HENRIQUE_L_AUAD"]
[Result "1-0"]
[WhiteElo "1588"]
[BlackElo "1402"]

1. e4 e5 2. f4 exf4 3. Nf3 Qf6 4. d4 Ne7 5. Bd3 d6 6. O-O Qg6 7. Bxf4 Bh3 8. Rf2
Bg4 9. Nbd2 Bxf3 10. Rxf3 Nd7 11. e5 Qg4 12. exd6 Nd5 13. Nc4 O-O-O 14. Bg3
Qxd4+ 15. Bf2 Qg4 16. Ne5 Nxe5 17. Bf5+ Qxf5 18. Rxf5 Bxd6 19. Bd4 Ng4 20. Qxg4
Nb6 21. Rxf7+ Kb8 22. Qxg7 Rhg8 23. Qf6 Nd5 24. Qf2 Rdf8 25. Rf1 Re8 26. c4 c5
27. Bxc5 Bxc5 28. Qxc5 Nb6 29. Qc7+ Ka8 30. Qxb7# 1-0

[Event "AUTO-INT-1230"]
[Site "http://www.queenalice.com/game.php?id=551808"]
[Date "2009.3.7"]
[Round "1"]
[White "Elrazer"]
[Black "gigino42"]
[Result "1-0"]
[WhiteElo "1771"]
[BlackElo "1661"]

1. d4 Nf6 2. c3 e6 3. Bg5 Be7 4. Bxf6 Bxf6 5. Nf3 O-O 6. Nbd2 d5 7. e3 Nd7 8. g3
b6 9. Bg2 Bb7 10. O-O c5 11. dxc5 bxc5 12. Rb1 Rb8 13. c4 Nb6 14. cxd5 exd5 15.
a3 Qc7 16. Re1 Bc6 17. e4 g6 18. e5 Bg7 19. Bh3 Na4 20. Qc2 Rb6 21. e6 fxe6 22.
Bxe6+ Kh8 23. Ng5 Rxb2 24. Rxb2 Qe7 25. Nf7+ Rxf7 26. Rbb1 Rf8 27. Bxd5 Qd6 28.
Bxc6 Qxc6 29. Re7 Bd4 30. Ne4 Nc3 31. Nxc3 Bxf2+ 32. Kf1 Bd4+ 33. Ke1 Qh1+ 34.
Kd2 Qxh2+ 35. Ne2 Bf6 36. Qxc5 Rd8+ 37. Kc2 Bxe7 38. Qe5+ Kg8 39. Qxe7 Rf8 40.
Rb7 Qh6 41. Qe6+ Kh8 42. Qe5+ Kg8 43. Nd4 Rc8+ 44. Kd3 Qf8 45. Qe6+ 1-0

[Event "AUTO-INT-1230"]
[Site "http://www.queenalice.com/game.php?id=551809"]
[Date "2009.3.7"]
[Round "1"]
[White "gigino42"]
[Black "Elrazer"]
[Result "1-0"]
[WhiteElo "1566"]
[BlackElo "1728"]

1. e4 e5 2. Nf3 d6 3. Bc4 Bg4 4. d4 exd4 5. Bxf7+ Kxf7 6. Ng5+ Ke8 7. Qxg4 Be7
8. Ne6 Qd7 9. Nxg7+ Kd8 10. Nf5 Nf6 11. Qd1 Nxe4 12. Nxd4 Bf6 13. Be3 Re8 14.
O-O c5 15. Nf3 Bxb2 16. Nbd2 Bxa1 17. Nxe4 Rxe4 18. Qxa1 Re8 19. Rd1 Qf5 20.
Rxd6+ Nd7 21. Qd1 Re7 22. Bg5 Qe4 23. Rxd7+ Kc8 24. Rxe7 Qb4 25. Qd7+ 1-0

[Event "AUTO-INT-1234"]
[Site "http://www.queenalice.com/game.php?id=553324"]
[Date "2009.3.9"]
[Round "1"]
[White "spin27"]
[Black "gigino42"]
[Result "0-1"]
[WhiteElo "1472"]
[BlackElo "1606"]

1. b3 e5 2. Nf3 d6 3. e3 Nf6 4. d3 Be7 5. Bb2 O-O 6. d4 e4 7. Ng5 h6 8. Nh3 d5
9. c4 c6 10. c5 b6 11. Ba3 bxc5 12. dxc5 Nbd7 13. b4 a5 14. Qd2 axb4 15. Bxb4
Nxc5 16. Qc2 Qb6 17. a3 Nfd7 18. Be2 Nd3+ 19. Bxd3 Bxb4+ 20. Kd1 exd3 21. Qxd3
Ne5 22. Qd4 Nc4 23. f4 Bc5 24. Qc3 Nxe3+ 25. Ke2 Bd4 26. Qd2 Bg4+ 27. Kd3 Bf5+
28. Ke2 Bxa1 29. Qxe3 Rae8 0-1

[Event "AUTO-INT-1234"]
[Site "http://www.queenalice.com/game.php?id=553325"]
[Date "2009.3.9"]
[Round "1"]
[White "gigino42"]
[Black "spin27"]
[Result "1-0"]
[WhiteElo "1621"]
[BlackElo "1456"]

1. e4 e5 2. Nf3 d6 3. Bc4 Be6 4. Qe2 Nd7 5. O-O Nb6 6. Bxe6 fxe6 7. Nc3 d5 8.
Nxe5 Bd6 9. Qh5+ g6 10. Nxg6 Nf6 11. Qh3 Rg8 12. Qxe6+ Be7 13. e5 Rxg6 14. exf6
Rxf6 15. Qg8+ Bf8 16. Qxh7 Bh6 17. d4 Qe7 18. Qxe7+ Kxe7 19. Ne2 Raf8 20. Bxh6
Rxh6 21. b3 Kf6 22. Rae1 Kf5 23. Ng3+ Kf4 24. c3 Nd7 25. Re7 Rd8 26. Ne2+ Kf5
27. Re1 Kg6 28. Nf4+ Kg5 29. Nxd5 c6 30. Ne3 b5 31. h3 a6 32. Nc2 Nf6 33. Rc7
Nd5 34. Rg7+ Kf6 35. Ra7 Nxc3 36. Rxa6 Rc8 37. Nb4 Kf5 38. d5 Ne4 39. Nxc6 Rd8
40. Ne7+ Kg5 41. Rxh6 1-0

[Event "AUTO-INT-1234"]
[Site "http://www.queenalice.com/game.php?id=553336"]
[Date "2009.3.9"]
[Round "1"]
[White "Archer"]
[Black "gigino42"]
[Result "1-0"]
[WhiteElo "1686"]
[BlackElo "1634"]

1. e4 e6 2. Bc4 d5 3. exd5 exd5 4. Bb3 Nf6 5. d4 Be7 6. Nf3 c6 7. Ne5 O-O 8. Qf3
Nbd7 9. Nxd7 Bxd7 10. h3 b5 11. a3 a5 12. O-O a4 13. Ba2 Be6 14. b4 Ne4 15. Nd2
Nxd2 16. Bxd2 Bf6 17. c3 Bg5 18. Bxg5 Qxg5 19. g4 f5 20. Qg3 fxg4 21. h4 Qf5 22.
Bb1 Qf3 23. Qxf3 Rxf3 24. Re1 Bf7 25. Bc2 Rxc3 26. Ra2 Rh3 27. Bf5 Rxh4 28. Rae2
g6 29. Bd7 g3 30. fxg3 Rxd4 31. Bxc6 Rd3 32. Bxa8 Rxg3+ 33. Kf2 Rxa3 34. Bc6 Rb3
35. Bxb5 Rxb4 36. Be8 a3 37. Bxf7+ Kxf7 38. Re7+ Kf6 39. R1e6+ Kf5 40. Kf3 Ra4
41. Re5+ Kf6 42. Re1 a2 43. Rd7 a1=Q 44. Rxa1 Rxa1 45. Rxd5 h5 46. Kf4 Rg1 47.
Rd6+ Kg7 48. Kf3 h4 49. Kf2 Rg5 50. Rd1 Rh5 51. Kg2 h3+ 52. Kh2 g5 53. Rg1 Kg6
54. Rg4 Kf5 55. Rg3 g4 56. Kh1 Kf4 57. Kh2 Re5 58. Ra3 Re2+ 59. Kh1 1-0

[Event "AUTO-INT-1234"]
[Site "http://www.queenalice.com/game.php?id=553337"]
[Date "2009.3.9"]
[Round "1"]
[White "gigino42"]
[Black "Archer"]
[Result "1-0"]
[WhiteElo "1602"]
[BlackElo "1665"]

1. e4 e6 2. d4 d5 3. e5 g6 4. f4 f5 5. Be3 a5 6. Nf3 h6 7. Be2 b6 8. O-O Ba6 9.
Nc3 h5 10. Ng5 Qe7 11. Bxa6 Nxa6 12. a3 Nh6 13. Ne2 O-O-O 14. c3 Ng4 15. Bd2 c5
16. h3 Nh6 17. Qc2 c4 18. b3 cxb3 19. Qxb3 Qb7 20. Nxe6 Re8 21. Nxf8 Rhxf8 22.
c4 dxc4 23. Rac1 b5 24. Bxa5 Kb8 25. Qc3 Rc8 26. Rfd1 Rg8 27. Rb1 g5 28. a4 b4
29. Bxb4 Ka8 30. Bc5 Qd5 31. Qa5 Rc6 32. Rb6 Rgg6 33. Qxa6# 1-0

[Event "AUTO-INT-1234"]
[Site "http://www.queenalice.com/game.php?id=553342"]
[Date "2009.3.9"]
[Round "1"]
[White "sejalivre"]
[Black "gigino42"]
[Result "0-1"]
[WhiteElo "1602"]
[BlackElo "1632"]

1. c4 Nf6 2. Nc3 e6 3. d4 Be7 4. e4 O-O 5. e5 Ne8 6. Bd3 d5 7. Nf3 f5 8. h4 c6
9. cxd5 cxd5 10. h5 a6 11. h6 g6 12. O-O Nc6 13. g4 fxg4 14. Ng5 Bxg5 15. f4 Be7
16. Kf2 Kh8 17. Qd2 Bb4 18. Rg1 Qh4+ 19. Ke3 Qxh6 20. Qg2 Qxf4+ 21. Ke2 Nxd4+
22. Kd1 Qf3+ 23. Kd2 Qf7 24. Rf1 Nf3+ 25. Kd1 Qc7 26. Qxg4 Bxc3 27. Rxf3 Rxf3
28. Qxf3 Kg7 29. Bd2 Bxe5 30. Ke2 Nf6 31. Re1 Bd7 32. Rh1 Bd6 33. Bh6+ Kf7 34.
Bg5 Rf8 35. Rxh7+ Ke8 36. Bxg6+ Kd8 37. Bxf6+ Kc8 38. Rh2 Be7 39. Rh8 Rxh8 40.
Bxh8 Qd6 41. Qc3+ Qc7 42. Qe3 Bd6 43. Bd4 e5 44. Ba7 e4 45. Bf7 Qc4+ 46. Kf2 Bc6
47. Qh3+ Kc7 48. Qh7 Bc5+ 49. Kg3 Qd3+ 50. Kf4 Qf3+ 51. Ke5 Bd6+ 52. Ke6 Bd7+
53. Kxd5 e3+ 54. Qe4 Bc6+ 55. Kd4 Qxe4+ 0-1

[Event "AUTO-INT-1234"]
[Site "http://www.queenalice.com/game.php?id=553343"]
[Date "2009.3.9"]
[Round "1"]
[White "gigino42"]
[Black "sejalivre"]
[Result "1-0"]
[WhiteElo "1597"]
[BlackElo "1599"]

1. e4 c5 2. Nf3 Nf6 3. e5 Nd5 4. Be2 e6 5. O-O Nc6 6. c4 d6 7. cxd5 exd5 8. d4
h5 9. Nc3 h4 10. Bg5 Qd7 11. Bxh4 g5 12. Bg3 g4 13. e6 Qxe6 14. Bb5 a6 15. Re1
axb5 16. Rxe6+ fxe6 17. Nh4 cxd4 18. Nxb5 Kd7 19. Nxd4 Bg7 20. Nxc6 bxc6 21.
Qxg4 Bxb2 22. Rb1 Rxa2 23. h3 Kc7 24. Rxb2 Ra1+ 25. Kh2 e5 26. Qg7+ 1-0

[Event "AUTO-INT-1271"]
[Site "http://www.queenalice.com/game.php?id=571425"]
[Date "2009.4.13"]
[Round "1"]
[White "knight401"]
[Black "gigino42"]
[Result "1-0"]
[WhiteElo "1681"]
[BlackElo "1649"]

1. e4 e6 2. e5 d6 3. Nf3 dxe5 4. Nxe5 Bd6 5. Nc4 Bc5 6. g3 Nf6 7. Bg2 c6 8. O-O
O-O 9. d3 Nbd7 10. Nc3 b5 11. Nd2 Rb8 12. Bxc6 Qc7 13. Bxb5 Bb7 14. Bxd7 Qxd7
15. Re1 1-0

[Event "AUTO-INT-1271"]
[Site "http://www.queenalice.com/game.php?id=571426"]
[Date "2009.4.13"]
[Round "1"]
[White "gigino42"]
[Black "knight401"]
[Result "1-0"]
[WhiteElo "1647"]
[BlackElo "1589"]

1. e4 e5 2. Nf3 Nc6 3. Bc4 h6 4. O-O d6 5. c3 Nf6 6. d3 Be7 7. Nbd2 O-O 8. b4 a6
9. a4 Bd7 10. Bb2 Qc8 11. Qb3 Re8 12. Bxf7+ 1-0

[Event "AUTO-INT-1271"]
[Site "http://www.queenalice.com/game.php?id=571439"]
[Date "2009.4.13"]
[Round "1"]
[White "gigino42"]
[Black "roberto_falk"]
[Result "0-1"]
[WhiteElo "1566"]
[BlackElo "1502"]

1. e4 e5 2. Nf3 Nc6 3. Bc4 Nh6 4. O-O Bc5 5. c3 O-O 6. d4 exd4 7. cxd4 Bb4 8.
Nc3 d6 9. Nd5 Be6 10. Bxh6 gxh6 11. b3 Kh8 12. Nxb4 Nxb4 13. d5 Bg4 14. a3 Rg8
15. axb4 Qf6 16. Be2 Qg6 17. Qd4+ Rg7 0-1

[Event "AUTO-INT-1271"]
[Site "http://www.queenalice.com/game.php?id=571440"]
[Date "2009.4.13"]
[Round "1"]
[White "roberto_falk"]
[Black "gigino42"]
[Result "1-0"]
[WhiteElo "1521"]
[BlackElo "1547"]

1. e4 e6 2. d4 d5 3. e5 c5 4. c3 Nc6 5. Nf3 Qb6 6. Be2 g6 7. O-O Bg7 8. Na3 Nge7
9. Nb5 O-O 10. Nd6 Bd7 11. Ng5 Nd8 12. Be3 Nc8 13. Bg4 c4 14. Qf3 Nxd6 15. Qh3
h6 16. Nf3 Nf5 17. Bxf5 1-0

[Event "AUTO-INT-1271"]
[Site "http://www.queenalice.com/game.php?id=571441"]
[Date "2009.4.13"]
[Round "1"]
[White "gigino42"]
[Black "jbliborio"]
[Result "0-1"]
[WhiteElo "1592"]
[BlackElo "1337"]

1. e4 e5 2. Nf3 Nc6 3. Bc4 Nf6 4. Ng5 h6 5. Nxf7 Ke7 6. Nxd8 Kxd8 7. O-O d6 8.
d3 Bg4 9. f3 Bd7 10. c3 Be7 11. Bb3 d5 12. exd5 Na5 13. c4 Nxb3 0-1

[Event "AUTO-INT-1271"]
[Site "http://www.queenalice.com/game.php?id=571442"]
[Date "2009.4.13"]
[Round "1"]
[White "jbliborio"]
[Black "gigino42"]
[Result "1-0"]
[WhiteElo "1309"]
[BlackElo "1620"]

1. e4 Nf6 2. Nc3 d6 3. Bb5+ c6 4. Ba4 a5 5. Nf3 b5 6. e5 dxe5 7. Nxe5 bxa4 8.
O-O e6 9. Qe1 Bd6 10. Nf3 O-O 11. d4 Bb4 12. a3 Bxc3 13. bxc3 Ba6 14. c4 Bxc4
15. c3 1-0